000 00387pab a2200157 454500
008 180718b1962 xxu||||| |||| 00| 0 eng d
100 _aHerman, Robert S.
245 _aTwo aspects of budgeting
260 _c1962
300 _ap.317-331.
362 _aJul-Sep
650 _aBudgetary control
773 _aIndian Journal of Public Administration
908 _aN
909 _a100428
999 _c100427
_d100427